Southville International School and Colleges
Your cart is empty.
  • Cart
  • Lists
    Public lists Eva Luna New books Lux_list list_1
    Your lists Log in to create your own lists
  • Log in to your account
  • Your cookies
  • Search history
Southville International School and Colleges
  • Advanced search
  • Recent comments
  • Most popular
  • Libraries

Log in to your account

Log in with GOOGLE


If you do not have an external account, but do have a local account, you can still log in:

  1. Home
  2. MARC view: Above the board :
Normal view MARC view ISBD view

Above the board : (Record no. 23527)

[ view plain ]
MARC details
000 -LEADER
fixed length control field 00688nam a2200217 a 4500
005 - DATE AND TIME OF LATEST TRANSACTION
control field 20140310183454.0
008 - FIXED-LENGTH DATA ELEMENTS--GENERAL INFORMATION
fixed length control field 090804s19uu xx 00 eng d
020 ## - INTERNATIONAL STANDARD BOOK NUMBER
International Standard Book Number 9780071496315
050 ## - LIBRARY OF CONGRESS CALL NUMBER
Classification number HF 5387.5.U6
Item number .P67 2009
100 ## - MAIN ENTRY--PERSONAL NAME
Personal name Porrini, Patrizia
245 ## - TITLE STATEMENT
Title Above the board :
Remainder of title how ethical ceo's create honest corporations /
Statement of responsibility, etc Patrizia Porrini
260 ## - PUBLICATION, DISTRIBUTION, ETC. (IMPRINT)
Place of publication, distribution, etc New York :
Name of publisher, distributor, etc McGraw-Hill,
Date of publication, distribution, etc 2009.
300 ## - PHYSICAL DESCRIPTION
Extent 221 p. :
Dimensions 25 cm.
521 ## - TARGET AUDIENCE NOTE
Target audience note
650 ## - SUBJECT ADDED ENTRY--TOPICAL TERM
Topical term or geographic name as entry element Business ethics
General subdivision United States
-- Case studies.
650 ## - SUBJECT ADDED ENTRY--TOPICAL TERM
Topical term or geographic name as entry element Chief Executive Officers
General subdivision United States
-- Case studies.
700 ## - ADDED ENTRY--PERSONAL NAME
Personal name Hiris, Lorene
700 ## - ADDED ENTRY--PERSONAL NAME
Personal name Poncini, Gina
942 ## - ADDED ENTRY ELEMENTS (KOHA)
Koha item type Books
Source of classification or shelving scheme Library of Congress Classification
Call number prefix Foreign
Holdings
Withdrawn status Lost status Source of classification or shelving scheme Damaged status Home library Current library Shelving location Date acquired Source of acquisition Total Checkouts Full call number Barcode Date last seen Copy number Price effective from Koha item type
    Library of Congress Classification   College Library College Library General Circulation Section 08/04/2009 Donation   HF 5387.5.U6 .P67 2009 C10459 05/15/2018 1 10/18/2013 Books

Above the board :

APA

Porrini P., Hiris L. & Poncini G. (2009). Above the board. New York: McGraw-Hill.

Chicago

Porrini Patrizia, Hiris Lorene and Poncini Gina. 2009. Above the board. New York: McGraw-Hill.

Harvard

Porrini P., Hiris L. and Poncini G. (2009). Above the board. New York: McGraw-Hill.

MLA

Porrini Patrizia, Hiris Lorene and Poncini Gina. Above the board. New York: McGraw-Hill. 2009.

  • Place hold
  • Print
  • Cite
  • Add to your cart (remove)
  • Save record
    BIBTEX Dublin Core MARCXML MARC (non-Unicode/MARC-8) MARC (Unicode/UTF-8) MARC (Unicode/UTF-8, Standard) MODS (XML) RIS
  • More searches
    Search for this title in:
    Other Libraries (WorldCat) Other Databases (Google Scholar) Online Stores (Bookfinder.com) Open Library (openlibrary.org)

Exporting to Dublin Core...

SOUTHVILLE LIBRARY

Southville International School and Colleges Library

1281 Tropical Ave. Cor. Luxembourg St., BF Homes International, Las Pinas City

Tel. No. 8256374 / 252358 Loc. 117/146

Powered by Koha